Faculty of Law Library — Cairo University

Official Online Catalog

Rough justice : (Record no. 71569)

MARC details
000 -LEADER
fixed length control field 01028nam a2200313 i 4500
003 - CONTROL NUMBER IDENTIFIER
control field EG-GICUC
005 - DATE AND TIME OF LATEST TRANSACTION
control field 20260418064014.0
008 - FIXED-LENGTH DATA ELEMENTS--GENERAL INFORMATION
fixed length control field 260418s1974 mau||||fr|||| 00| 0 eng d
040 ## - CATALOGING SOURCE
Original cataloging agency EG-GiCUC
Transcribing agency EG-GiCUC
Modifying agency EG-GiCUC
Description conventions Rda
Language of cataloging eng
041 ## - LANGUAGE CODE
Language code of text/sound track or separate title eng
Language code of original eng
082 04 - DEWEY DECIMAL CLASSIFICATION NUMBER
Edition number 21
Classification number 343.372
Item number RO . R
092 04 - LOCALLY ASSIGNED DEWEY CALL NUMBER (OCLC)
Edition number 21
099 ## - LOCAL FREE-TEXT CALL NUMBER (OCLC)
Classification number Law1 10 343.372 RO . R 1974
100 1# - MAIN ENTRY--PERSONAL NAME
Personal name Robertson, John A
Dates associated with a name 1943-
Fuller form of name (John Ancona),
Relator term Author.
245 10 - TITLE STATEMENT
Title Rough justice :
Remainder of title perspectives on lower criminal courts /
Statement of responsibility, etc. By John A. Robertson.
264 #1 - PRODUCTION, PUBLICATION, DISTRIBUTION, MANUFACTURE, AND COPYRIGHT NOTICE
Place of production, publication, distribution, manufacture Boston :
Name of producer, publisher, distributor, manufacturer Little, Brown,
Date of production, publication, distribution, manufacture, or copyright notice 1974.
300 ## - PHYSICAL DESCRIPTION
Extent 533 pages ;
Dimensions 23 cm.
336 ## - CONTENT TYPE
Source rda contenu
Content type term texte
337 ## - MEDIA TYPE
Source rda medias
Media type term Ordinateur
338 ## - CARRIER TYPE
Source transporteur rda
Carrier type term Ressource en ligne
504 ## - BIBLIOGRAPHY, ETC. NOTE
Bibliography, etc. note Includes bibliographical references and index.
546 ## - LANGUAGE NOTE
Language note Text in English
650 1# - SUBJECT ADDED ENTRY--TOPICAL TERM
Source of heading or term Criminal Law
650 1# - SUBJECT ADDED ENTRY--TOPICAL TERM
Source of heading or term Criminal courts
650 1# - SUBJECT ADDED ENTRY--TOPICAL TERM
Source of heading or term Criminal justice
856 40 - ELECTRONIC LOCATION AND ACCESS
Uniform Resource Identifier <a href="https://fll.law.cu.edu.eg/fulltext/bks/B10-08948.pdf">https://fll.law.cu.edu.eg/fulltext/bks/B10-08948.pdf</a>
905 ## - Cataloger and Reviser Names
Cataloger Name: Gomana
942 ## - ADDED ENTRY ELEMENTS (KOHA)
Source of classification or shelving scheme Dewey Decimal Classification
Suppress in OPAC No
Koha item type Books
Edition 21
Holdings
Withdrawn status Lost status Source of classification or shelving scheme Damaged status Not for loan Collection Home library Current library Date acquired Total checkouts Full call number Barcode Date last seen Copy number Price effective from Koha item type
    Dewey Decimal Classification   Not for loan القانون الجنائي جــــامعة القــاهرة مكتبة كلية الحقوق - المبنى الرئيسي 18.04.2026   Law1 10 343.372 RO . R 1974 1008948 c1 B10-08948 18.04.2026 1 18.04.2026 Books

© All rights reserved — Faculty of Law, Cairo University